<?xml version="1.0" encoding="UTF-8"?>
<record
    xmlns:xsi="http://www.w3.org/2001/XMLSchema-instance"
    xsi:schemaLocation="http://www.loc.gov/MARC21/slim http://www.loc.gov/standards/marcxml/schema/MARC21slim.xsd"
    xmlns="http://www.loc.gov/MARC21/slim">

  <leader>03144njm a2200433Ia 4500</leader>
  <controlfield tag="001">40747</controlfield>
  <controlfield tag="003">IT-RoPAU</controlfield>
  <controlfield tag="005">20220918181110.0</controlfield>
  <controlfield tag="008">131025s9999    xx            000 0 und d</controlfield>
  <datafield tag="040" ind1=" " ind2=" ">
    <subfield code="a">IT-RoPAU</subfield>
  </datafield>
  <datafield tag="040" ind1=" " ind2=" ">
    <subfield code="c">IT-RoPAU</subfield>
  </datafield>
  <datafield tag="999" ind1=" " ind2=" ">
    <subfield code="c">98879</subfield>
    <subfield code="d">98879</subfield>
  </datafield>
  <datafield tag="999" ind1=" " ind2=" ">
    <subfield code="b">n.d.</subfield>
  </datafield>
  <datafield tag="100" ind1=" " ind2=" ">
    <subfield code="a">Morton Jelly Roll</subfield>
    <subfield code="9">22246</subfield>
  </datafield>
  <datafield tag="100" ind1=" " ind2=" ">
    <subfield code="e">Autore musica</subfield>
    <subfield code="9">22247</subfield>
  </datafield>
  <datafield tag="100" ind1=" " ind2=" ">
    <subfield code="g">Codice autore musica SPICS: 10672</subfield>
    <subfield code="9">22248</subfield>
  </datafield>
  <datafield tag="245" ind1=" " ind2=" ">
    <subfield code="a">Jelly Roll Morton</subfield>
  </datafield>
  <datafield tag="250" ind1=" " ind2=" ">
    <subfield code="a">2a ed.</subfield>
  </datafield>
  <datafield tag="260" ind1=" " ind2=" ">
    <subfield code="a">MILANO</subfield>
  </datafield>
  <datafield tag="260" ind1=" " ind2=" ">
    <subfield code="b">RUSCONI</subfield>
    <subfield code="c">1987 [1a Ed.:]</subfield>
  </datafield>
  <datafield tag="300" ind1=" " ind2=" ">
    <subfield code="a">DISCO</subfield>
  </datafield>
  <datafield tag="300" ind1=" " ind2=" ">
    <subfield code="c">43 minuti (Testo:  pag.)</subfield>
  </datafield>
  <datafield tag="500" ind1=" " ind2=" ">
    <subfield code="a">Musica jazz. Ragtime. Blues. Pianoforte</subfield>
  </datafield>
  <datafield tag="505" ind1=" " ind2=" ">
    <subfield code="a">Stratford Hunch (Cincinnati, 9 giugno 1924) - Freakish (New Jersey, 8 luglio 1929) - Sporting House Rag [(Perfect Rag) (New York, 14 dicembre 1939)] - The Pearls (Chicago, 20 aprile 1926) - The Crave (New York, 14 dicembre 1939) - The Naked Dance [(New York, 16 dicembre 1939) (3:00)] - Michigan Water Blues [(New York, 28 dicembre 1939) (3:00)] - Dead Man Blues [(Chicago, 21 luglio 1926) (4:00)] - Georgia Swing [(New York, 11 giugno 1928) (3:00)] - Black Bottom Stomp [(Chicago, 15 settembre 1926) (4:00)] - Ham 'N' Eggs [(New York, 13 marzo 1928) (4:00)] - I Hate A Man Like You [(New York, 11 dicembre 1929) (4:00)] - Jungle Blues [(Chicago, 4 giugno 1927) (4:00)] - Turtle Twist [(New York, 17 dicembre 1929) (4:00)]</subfield>
  </datafield>
  <datafield tag="511" ind1=" " ind2=" ">
    <subfield code="a">Henderson Hedmonia: voc, acc; da George Mitchell o Lee Collins: corn, prob; Evans Stomp: alto; Morton Jelly Roll: p</subfield>
  </datafield>
  <datafield tag="511" ind1=" " ind2=" ">
    <subfield code="a">Red Hot Pepper; Spinkett Ward: tr; Fields Geechie: trne; Simeon Omer: cl; Morton Jelly Roll: p; Blair Lee: bjo; Benford Bill: basso tuba; Benford Tommy: batt; Jelly Roll Morton and His Red Hot Peppers</subfield>
  </datafield>
  <datafield tag="511" ind1=" " ind2=" ">
    <subfield code="a">Mitchell George: corn; Ory Kid: trne; Simeon Omer: cl; Morton Jelly Roll: p; St. Cyr Johnny: bjo; Lindsay John: cb; Hilaire Andrew: batt; Jelly Roll Morton and His Red Hot Peppers</subfield>
  </datafield>
  <datafield tag="511" ind1=" " ind2=" ">
    <subfield code="a">Dunn Johnny: corn; Flemming Herb: trne; Bushell Garvin: cl; Morton Jelly Roll: p; Mitchell John: bjo; Hull Harry: basso tuba, prob; Perry Mort: batt; Johnny Dunn and His Band</subfield>
  </datafield>
  <datafield tag="511" ind1=" " ind2=" ">
    <subfield code="a">Miles Lizzie: voc, acc; Da Morton Jelly Roll; p</subfield>
  </datafield>
  <datafield tag="511" ind1=" " ind2=" ">
    <subfield code="a">Mitchell George: corn; Reevers Gerald: trne; Dodds Johnny: cl; Evans Stomp: alto; Morton Jelly Roll: p; Scott Bud: bjo; Wilson Quinn: basso tuba; Dodds Baby: batt; Jelly Roll Morton and His Red Hot Peppers</subfield>
  </datafield>
  <datafield tag="511" ind1=" " ind2=" ">
    <subfield code="a">Bigard Barney: cl; Morton Jelly Roll: p; Singleton Zutty: batt; Jelly Roll Morton Trio</subfield>
  </datafield>
  <datafield tag="650" ind1=" " ind2=" ">
    <subfield code="a">JAZZ [DISCHI]</subfield>
    <subfield code="e">Codice MATERIA SPICS: 9950</subfield>
    <subfield code="9">22249</subfield>
  </datafield>
  <datafield tag="700" ind1=" " ind2=" ">
    <subfield code="a">AA.VV.</subfield>
    <subfield code="e">Autore</subfield>
    <subfield code="g">Codice autore SPICS: 12000</subfield>
    <subfield code="9">799</subfield>
  </datafield>
  <datafield tag="700" ind1=" " ind2=" ">
    <subfield code="a">Morton Jelly Roll</subfield>
    <subfield code="g">Codice interprete SPICS: 10672</subfield>
    <subfield code="e">Interprete</subfield>
    <subfield code="9">22250</subfield>
  </datafield>
  <datafield tag="700" ind1=" " ind2=" ">
    <subfield code="a">Jackson Tony</subfield>
    <subfield code="g">Codice autore musica SPICS: 18183</subfield>
    <subfield code="e">Autore musica</subfield>
    <subfield code="p">The Naked Dance</subfield>
    <subfield code="9">22251</subfield>
  </datafield>
  <datafield tag="700" ind1=" " ind2=" ">
    <subfield code="a">Williams Clarence</subfield>
    <subfield code="g">Codice autore musica SPICS: 13039</subfield>
    <subfield code="e">Autore musica</subfield>
    <subfield code="p">Michigan Water Blues</subfield>
    <subfield code="9">22252</subfield>
  </datafield>
  <datafield tag="700" ind1=" " ind2=" ">
    <subfield code="a">Gonzales Anita</subfield>
    <subfield code="g">Codice autore musica SPICS: 18184</subfield>
    <subfield code="e">Autore musica</subfield>
    <subfield code="p">Dead Man Blues</subfield>
    <subfield code="9">22253</subfield>
  </datafield>
  <datafield tag="700" ind1=" " ind2=" ">
    <subfield code="a">Pecora Santo</subfield>
    <subfield code="g">Codice autore musica SPICS: 18185</subfield>
    <subfield code="e">Autore musica</subfield>
    <subfield code="p">Georgia Swing</subfield>
    <subfield code="9">22254</subfield>
  </datafield>
  <datafield tag="942" ind1=" " ind2=" ">
    <subfield code="c">MD</subfield>
    <subfield code="2">ddc</subfield>
  </datafield>
  <datafield tag="952" ind1=" " ind2=" ">
    <subfield code="0">0</subfield>
    <subfield code="1">0</subfield>
    <subfield code="4">0</subfield>
    <subfield code="6">40747_000000000000000</subfield>
    <subfield code="7">1</subfield>
    <subfield code="a">SPICS</subfield>
    <subfield code="b">SPICS</subfield>
    <subfield code="d">2013-10-25</subfield>
    <subfield code="l">0</subfield>
    <subfield code="o">40747</subfield>
    <subfield code="r">2013-10-25 00:00:00</subfield>
    <subfield code="w">2013-10-25</subfield>
    <subfield code="y">MD</subfield>
    <subfield code="z">Progr. Ins.: 14450 / N.Vol.: 1 / Copie: 1 - Copia rara: n.d. / date import: 01.01.2014 - By Epidotti, Trombetti, Vaglietti</subfield>
  </datafield>
</record>
